Países por nomes de músicos famosos! - Statistics

Estatísticas Gerais
  • Esse quiz foi jogado 349 vezes
    290 desde o último reset
  • A pontuação média é 10 de 16
Estatísticas das Respostas
Nomes Respostas % Correto
Beyoncé Estados Unidos
98%
Zeca Pagodinho Brasil
97%
Jungkook (BTS) Coréia do Sul
91%
Camila Cabello Cuba
79%
Ludwig van Beethoven Alemanha
77%
Sid Vicious (Sex Pistols) Inglaterra
77%
Gavin James Irlanda
71%
Dolores O'Riordan (The Cranberries) Irlanda
71%
Sia Kate (Sia) Austrália
69%
Wolfgang A. Mozart Áustria
65%
Lars Ulrich (Metallica) Dinamarca
40%
Calvin Harris Escócia
40%
Freddie Mercury (Queen) Tanzânia
30%
Matt Tuck (Bullet For My Valentine) País de Gales
29%
Serj Tankian (System Of A Down) Líbano
17%
Vittas Letônia
16%
Nenhum quiz correspondente encontrado
Distribuição das Pontuações
Porcentagem de Pessoas com Cada Pontuação
Percentil de Números Respondidos
Sua Pontuação Histórica
Você não jogou esse quiz desde o último reset